<?xml version="1.0" encoding="UTF-8"?>
<record
    xmlns:xsi="http://www.w3.org/2001/XMLSchema-instance"
    xsi:schemaLocation="http://www.loc.gov/MARC21/slim http://www.loc.gov/standards/marcxml/schema/MARC21slim.xsd"
    xmlns="http://www.loc.gov/MARC21/slim">

  <leader>01608nam a22002657a 4500</leader>
  <controlfield tag="003">OSt</controlfield>
  <controlfield tag="005">20201028071135.0</controlfield>
  <controlfield tag="008">201027s2005    eu aod|gr|||| 00| 0deng d</controlfield>
  <datafield tag="020" ind1=" " ind2=" ">
    <subfield code="a">1571893059</subfield>
  </datafield>
  <datafield tag="040" ind1=" " ind2=" ">
    <subfield code="a">CO-JMCR</subfield>
    <subfield code="c">CO-JMCR</subfield>
  </datafield>
  <datafield tag="041" ind1="0" ind2=" ">
    <subfield code="a">spa</subfield>
  </datafield>
  <datafield tag="082" ind1="0" ind2="4">
    <subfield code="a">296.16 / </subfield>
    <subfield code="b">B493s</subfield>
    <subfield code="2">23</subfield>
  </datafield>
  <datafield tag="100" ind1="1" ind2=" ">
    <subfield code="a">Berg, Michael, </subfield>
    <subfield code="e">autor</subfield>
    <subfield code="9">12050</subfield>
  </datafield>
  <datafield tag="245" ind1="1" ind2="0">
    <subfield code="a">Ser como Dios : </subfield>
    <subfield code="b">Kabbalah y nuestro destino supremo / </subfield>
    <subfield code="c">Michael Berg</subfield>
  </datafield>
  <datafield tag="250" ind1=" " ind2=" ">
    <subfield code="a">Primera edici&#xF3;n</subfield>
  </datafield>
  <datafield tag="260" ind1=" " ind2=" ">
    <subfield code="a">New York : </subfield>
    <subfield code="b">Kabbalah Centre Publishing, </subfield>
    <subfield code="c">2005</subfield>
  </datafield>
  <datafield tag="300" ind1=" " ind2=" ">
    <subfield code="a">xi, 191 p&#xE1;ginas : </subfield>
    <subfield code="b">fotograf&#xED;as y gr&#xE1;ficos a blanco y negro ; </subfield>
    <subfield code="c">20 cm.</subfield>
  </datafield>
  <datafield tag="500" ind1=" " ind2=" ">
    <subfield code="a">Incluye datos biogr&#xE1;ficos del autor.</subfield>
  </datafield>
  <datafield tag="505" ind1="0" ind2=" ">
    <subfield code="a">Una rendija en la puerta de la prisi&#xF3;n -- Dios disfrazado de ti -- Certeza -- La f&#xF3;rmula de Dios -- Tu vida cambia ahora -- Y la muerte no tendr&#xE1; dominio -- El oponente: el material del que est&#xE1; hecha la muerte -- La comodidad mata -- "El coraz&#xF3;n de los descaminados es casi -- Armas de guerra -- El Z&#xF3;har -- El oc&#xE9;ano de todas las l&#xE1;grimas de todas las personas</subfield>
  </datafield>
  <datafield tag="520" ind1="3" ind2=" ">
    <subfield code="a">Por primera vez en la historia, una oportunidad extraordinaria est&#xE1; a disposici&#xF3;n de la humanidad: la oportunidad no s&#xF3;lo de rezar a Dios, obedecer a Dios, temer a Dios o rechazar a Dios, sino de ser como Dios.
Esta revelaci&#xF3;n sobre el destino de la humanidad fue descubierta por el erudito Kabbalista Michael Berg  mientras traduc&#xED;a el  Z&#xF3;har, los 23 vol&#xFA;menes antiguos en arameo que comprenden el texto clave de Kabbalah.</subfield>
  </datafield>
  <datafield tag="650" ind1="1" ind2="4">
    <subfield code="a">C&#xE1;bala </subfield>
    <subfield code="9">2796</subfield>
  </datafield>
  <datafield tag="650" ind1="1" ind2="4">
    <subfield code="a">Espiritualidad </subfield>
    <subfield code="9">735</subfield>
  </datafield>
  <datafield tag="650" ind1="2" ind2="4">
    <subfield code="a">Teolog&#xED;a jud&#xED;a</subfield>
    <subfield code="9">12051</subfield>
  </datafield>
  <datafield tag="942" ind1=" " ind2=" ">
    <subfield code="2">ddc</subfield>
    <subfield code="c">BK</subfield>
  </datafield>
  <datafield tag="999" ind1=" " ind2=" ">
    <subfield code="c">6984</subfield>
    <subfield code="d">6984</subfield>
  </datafield>
  <datafield tag="952" ind1=" " ind2=" ">
    <subfield code="0">0</subfield>
    <subfield code="1">0</subfield>
    <subfield code="2">ddc</subfield>
    <subfield code="4">0</subfield>
    <subfield code="7">0</subfield>
    <subfield code="8">NFIC</subfield>
    <subfield code="a">CPL</subfield>
    <subfield code="b">CPL</subfield>
    <subfield code="d">2020-10-02</subfield>
    <subfield code="e">Donaci&#xF3;n</subfield>
    <subfield code="l">22</subfield>
    <subfield code="m">9</subfield>
    <subfield code="o">296.16 /  B493s</subfield>
    <subfield code="p">201810245</subfield>
    <subfield code="r">2026-04-24 16:40:51</subfield>
    <subfield code="s">2026-04-24</subfield>
    <subfield code="t">Ej.1</subfield>
    <subfield code="w">2020-10-27</subfield>
    <subfield code="y">BK</subfield>
  </datafield>
</record>
